5 Best Countries in Environmental Performance by Continent - Statistics

General Stats
  • This quiz has been taken 60 times
  • The average score is 14 of 25
Answers on the Map
Answers color-coded by a green-red scale on the quiz's map according to % correct below.
 
Answer Stats
wr Top 5 % Correct
25 Canada
92%
13 Australia
88%
26 United States
88%
11 New Zealand
87%
3 Sweden
85%
1 Finland
83%
2 Iceland
81%
4 Denmark
79%
42 Costa Rica
65%
14 Singapore
62%
43 Argentina
54%
63 Malaysia
48%
60 Taiwan
48%
59 Fiji
46%
78 Namibia
42%
45 Cuba
40%
49 Israel
40%
64 Morocco
38%
79 Botswana
37%
40 Cyprus
35%
77 Mauritius
35%
53 Tunisia
31%
69 Kazakhstan
29%
5 Slovenia
25%
71 Kyrgyzstan
13%
No matching quizzes found
Score Distribution
Percent of People with Each Score
Percentile by Number Answered
Your Score History
You have not taken this quiz